Central Library OPAC University of Rajshahi

History of the rise of the Mahomedan power in India till the year A.D. 1612 / (Record no. 25945)

MARC details
000 -LEADER
fixed length control field 01315cam a2200313 a 4500
001 - CONTROL NUMBER
control field 25945
003 - CONTROL NUMBER IDENTIFIER
rucl marc code BD-RjUL
005 - DATE AND TIME OF LATEST TRANSACTION
control field 20211209050941.0
008 - FIXED-LENGTH DATA ELEMENTS--GENERAL INFORMATION
fixed length control field 140319r19891829ii a b 000 0 eng
035 ## - SYSTEM CONTROL NUMBER
System control number (BD-RjUL)26015
040 ## - CATALOGING SOURCE
Original cataloging agency DLC
Transcribing agency DLC
Modifying agency DLC
Language of cataloging eng
041 1# - LANGUAGE CODE
Language code of text/sound track or separate title eng
Language code of original per
082 ## - DEWEY DECIMAL CLASSIFICATION NUMBER
Classification number 954.02
Author mark and year FIH 1989
100 1# - MAIN ENTRY--PERSONAL NAME
Personal name Firishtah, Muḥammad Qāsim Hindū Shāh Astarābādī.
9 (RLIN) 79707
245 10 - TITLE STATEMENT
Title History of the rise of the Mahomedan power in India till the year A.D. 1612 /
Statement of responsibility, etc. translated from the original Persian of Mahomed Kasim Ferishta, by John Briggs.
Number of part/section of a work V-1
260 ## - PUBLICATION, DISTRIBUTION, ETC. (IMPRINT)
Place of publication, distribution, etc. New delhi :
Name of publisher, distributor, etc. Atlantic pub.,
Date of publication, distribution, etc. 1989.
300 ## - PHYSICAL DESCRIPTION
Pagination 350 P. :
Illustrations ill. ;
Size 23 cm.
500 ## - GENERAL NOTE
General note "To which is added an account of the conquest by the kings of Hydrabad, of those parts of the Madras provinces denominated the ceded districts and northern circars."
General note Reprint. Originally published: 1829.
General note "Life of the author": v. 1, p. [xxxvii]-xli.
504 ## - BIBLIOGRAPHY, ETC. NOTE
Bibliography, etc Bibliographical references included in "author's preface": v. 1, p. xliii-xliv.
651 #0 - SUBJECT ADDED ENTRY--GEOGRAPHIC NAME
Geographic name India
General subdivision History
Chronological subdivision 1000-1526.
9 (RLIN) 79722
Geographic name India
General subdivision History
Chronological subdivision 1526-1765.
9 (RLIN) 79723
700 1# - ADDED ENTRY--PERSONAL NAME
Personal name Briggs, John,
Dates associated with a name 1785-1875.
942 ## - ADDED ENTRY ELEMENTS (KOHA)
Source of classification or shelving scheme Dewey Decimal Classification
Koha item type Books
Holdings
Lost status Source of classification or shelving scheme Damaged status Not for loan Collection code Permanent Location Current Location Shelving location Date acquired Source of acquisition Cost, normal purchase price Total Checkouts Full call number Date last seen Copy number Koha item type
  Dewey Decimal Classification     Non-fiction Central Library, University of Rajshahi Central Library, University of Rajshahi   21/12/1999 Paragon Enterprise 1144.48   954.02 FIH V-1 1989 19/03/2014 C-3 Books